大手私鉄の路線名 - Statistics

General Stats
  • This quiz has been taken 638 times
    488 since last reset
  • The average score is 75 of 147
Answer Stats
会社名 路線 % Correct
東武 伊勢崎線
87%
京急 | 京成 | 阪神 本線
86%
西武 池袋線
83%
新宿線
83%
東急 東横線
82%
空港線
82%
日光線
81%
田園都市線
80%
小田急 小田原線
79%
大師線
77%
京王 京王線
76%
井の頭線
74%
江ノ島線
73%
多摩線
73%
目黒線
72%
東上本線
71%
相模原線
71%
高尾線
71%
宇都宮線
70%
野田線
70%
多摩川線
70%
大井町線
70%
池上線
69%
相鉄 相鉄本線
69%
越生線
67%
こどもの国線
67%
世田谷線
66%
久里浜線
66%
競馬場線
66%
国分寺線
63%
逗子線
63%
亀戸線
62%
小泉線
62%
鬼怒川線
62%
動物園線
62%
押上線
62%
千葉線
62%
奈良線
62%
京都線
62%
名古屋線
62%
拝島線
61%
東急新横浜線
61%
金町線
61%
大阪線
61%
佐野線
60%
多摩湖線
60%
山口線
60%
桐生線
59%
名鉄 名古屋本線
59%
西武秩父線
58%
西武園線
58%
相鉄新横浜線
58%
西武有楽町線
57%
豊島線
56%
京阪 京阪本線
56%
東急多摩川線
55%
松戸線
55%
千原線
55%
犬山線
55%
南海 南海本線
55%
相鉄いずみ野線
54%
阪急 神戸本線
53%
宝塚本線
53%
高野線
53%
南大阪線
52%
京都本線
52%
成田空港線
51%
中之島線
51%
近鉄 難波線
50%
嵐山線
49%
蒲郡線
48%
豊田線
48%
常滑線
48%
志摩線
48%
交野線
48%
阪神なんば線
48%
武庫川線
48%
東成田線
47%
狭山線
46%
三河線
46%
橿原線
46%
吉野線
46%
宇治線
46%
今津線
46%
西鉄 天神大牟田線
46%
各務原線
45%
生駒線
45%
天理線
45%
田原本線
45%
湯の山線
45%
鳥羽線
45%
鴨東線
45%
京津線
45%
千里線
45%
けいはんな線
44%
貝塚線
44%
石山坂本線
43%
神戸高速線
43%
伊丹線
43%
太宰府線
43%
箕面線
42%
豊川線
41%
西尾線
41%
知多新線
41%
山田線
41%
長野線
41%
瀬戸線
40%
羽島線
40%
河和線
39%
小牧線
38%
甲陽線
38%
和歌山港線
38%
甘木線
38%
尾西線
37%
津島線
36%
鈴鹿線
36%
広見線
35%
信貴線
33%
道明寺線
33%
御所線
33%
泉北線
33%
多奈川線
32%
竹鼻線
31%
加太線
31%
高師浜線
30%
築港線
29%
鋼索線
25%
生駒鋼索線
23%
3号線銀座線
19%
メトロ 2号線日比谷線
18%
4号線丸ノ内線
18%
5号線東西線
18%
9号線千代田線
17%
西信貴鋼索線
16%
8号線有楽町線
16%
7号線南北線
15%
13号副都心線
13%
11号半蔵門線
10%
4号線丸ノ内線分岐線
7%
六甲ケーブル線
5%
No matching quizzes found
Score Distribution
Percent of People with Each Score
Percentile by Number Answered
Your Score History
You have not taken this quiz since the last reset